| 000 | 00383pam a2200157 a 4500 | ||
|---|---|---|---|
| 020 | _a0120445638 | ||
| 040 | _cDLC | ||
| 082 | 0 | 0 | _a581 ACA 1988 A033 Or. |
| 100 | 1 | _aAgrios, George N., | |
| 245 | 1 | 0 | _aPlant pathology / |
| 250 | _a3rd ed. | ||
| 260 |
_aSan Diego : _bAcademic Press, _cc1988. |
||
| 300 |
_axvi, 803 p. : _bill. ; _c26 cm. |
||
| 650 | 0 | _aPlant diseases. | |
| 942 | _cEK | ||
| 999 |
_c12251 _d12251 |
||